000 01208cam a2200301 i 4500
003 SA-RiAUC
005 20250411122005.0
008 250410s1996 mr g 00000 ara c
020 _a9981825557
040 _aSA-RiAUC
_bara
_cSA-RiAUC
_erda
041 1 _aara
_hund
043 _af-mr---
082 0 4 _a686.2110964
090 _a686.2110964
_b ع ب د ر
100 1 _aعبد الرزاق، فوزي
_eمؤلف.
245 1 0 _aمملكة الكتاب :
_bتاريخ الطباعة في المغرب 1865-1912 م. /
_cتأليف فوزي عبد الرزاق ؛ تعريب خالد بن الصغير.
250 _aالطبعة الأولى.
264 1 _aالرباط، المغرب :
_bجامعة محمد الخامس، منشورات كلية الآداب،
_c1996
300 _a351 صفحة ؛
_c24 سم.
336 _aنص
_btxt
_2rdacontent
_3كتاب
337 _aبدون وسيط
_bn
_2rdamedia
338 _aمجلد
_bnc
_2rdacarrier
440 0 _aسلسلة نصوص مترجمة
_v3
650 7 _aالطباعة
_zالمغرب
_xتاريخ
_2aucsh
700 1 _aبن الصغير، خالد،
_d1956-
_eمعرب.
942 _2ddc
_cBOOK
_n0
949 _aSA-JeALM
_d250410
_umohamedma123
_n1
999 _c6879
_d6879